北京-这座城市在历史上曾被谁统治(一) - Statistics

General Stats
  • This quiz has been taken 95 times
  • The average score is 26 of 44
Answer Stats
时间及提示 政权名称 % Correct
城市或许已存在,早于约前1046 (王朝)
84%
或春秋前期 - 前226 (诸侯) 燕 (郾)
84%
25 - 220 东汉
82%
220 - 266 曹魏
82%
266 - 314 西晋
82%
前202 - 公元9 西汉
81%
公元9 - 23
81%
前226 - 前209
80%
1271 - 1368
78%
1368 - 1644
78%
1644 - 1912
78%
1912 - 1949 中华民国
77%
1949至今 中华人民共和国
77%
581 - 619
74%
936 - 1122 辽 (契丹)
74%
约前1046 - 前256 (王朝)
73%
619 - 690
72%
1644 大顺
69%
23 - 25 玄汉
66%
1125 - 1215
66%
1215 - 1271 蒙古
66%
399 - 534 北魏
65%
534 - 550 东魏
65%
577 - 581 北周
65%
690 - 705 武周
64%
前209 - 前202 (诸侯) 燕国
62%
550 - 577 北齐
62%
705 - 756
62%
763 - 907
59%
370 - 384 前秦
58%
349 - 370 前燕
49%
1123 - 1125
49%
384 - 399 后燕
47%
314 - 319 前赵
45%
1122 - 1123
45%
319 - 349 后赵
42%
923 - 936 后唐
41%
756 - 763 安史燕
36%
763 - 911 (方镇) 卢龙镇
31%
913 - 923 晋国
26%
至迟约前1046 - 或春秋前期 (诸侯)
18%
911 - 913 桀燕
15%
1122 北辽
12%
春秋前期部分时期 (北方族群) 山戎
7%
No matching quizzes found
Score Distribution
Percent of People with Each Score
Percentile by Number Answered
Your Score History
You have not taken this quiz